Quà tặng âm nhạc, tập 2 (Dành cho Hs trung học)

Đã lưu trong:
Sonraí Bibleagrafaíochta
Formáid: Leabhar
Foilsithe: 2006
Clibeanna: Cuir Clib Leis
Gan Chlibeanna, Bí ar an gcéad duine leis an taifead seo a chlibeáil!
Thư viện lưu trữ: Mạng thư viện Đại học Đà Nẵng
LEADER 00455nam a22001811a 4500
001 000039768
003 16063
005 20160412022644.0
008 160412s2006 000
082 |a 4N(TK)467-470 
245 |a Quà tặng âm nhạc, tập 2 (Dành cho Hs trung học) 
260 |c 2006 
OWN |a LNN 
999 |a From the UDN01 
TYP |a Monograph 
980 |a Mạng thư viện Đại học Đà Nẵng